| 000 | 00459nam a2200181Ia 4500 | ||
|---|---|---|---|
| 008 | 220726s9999||||xx |||||||||||||| ||und|| | ||
| 020 | _a9789389944877 | ||
| 082 | _a610 | ||
| 082 | _bGan/p | ||
| 100 | _aGanguli, Subarna | ||
| 245 | 0 | _aGanguli- Practical Book of Instrumental Methods of Analysis: Final Year B. Pharm; 7 | |
| 250 | _a1st Edition | ||
| 260 | _aPune | ||
| 260 | _bNirali Prakashan | ||
| 260 | _c2020 | ||
| 300 | _a35+B.1 | ||
| 942 | _cPB | ||
| 999 |
_c35038 _d35038 |
||